Centrum chorvátskej kultúry, Jarovce

Saved in:
Bibliographic Details
Main Author: Langerová, Ivana (Author)
Other Authors: Smatanová, Katarína (Thesis advisor)
Format: Manuscript Book
Language:Slovak
Published: 2025
Subjects:
Online Access:http://is.stuba.sk/zp/portal_zp.pl?podrobnosti=168320
Tags: Add Tag
No Tags, Be the first to tag this record!

MARC

LEADER 00000ntm a22000003a 4500
001 stuzp104947
003 SK-STU
005 20250614213456.1
007 ta
008 150427s2015----xo-----f-mn---000-0-slo-d
040 |a STU  |b slo 
041 0 |a slo 
100 1 |a Langerová, Ivana  |u 056160  |4 aut  |U FAD Fakulta architektúry a dizajnu  |T FAD Ústav urbanizmu a územného plánovania  |X 115644  |U A6160  |Y 397  |7 115644 
242 0 1 |a Croatian Cultural Center, Jarovce  |y eng 
245 1 0 |a Centrum chorvátskej kultúry, Jarovce 
260 |c 2025 
650 4 |a atrium  |2 eng 
650 4 |a architecture  |2 eng 
650 4 |a Jarovce  |2 eng 
650 4 |a culture  |2 eng 
650 4 |a Croatian minority  |2 eng 
650 4 |a átrium  |2 slo 
650 4 |a architektúra  |2 slo 
650 4 |a Jarovce  |2 slo 
650 4 |a kultúra  |2 slo 
650 4 |a chorvátska menšina  |2 slo 
700 1 |a Smatanová, Katarína  |u 056160  |k Z1  |4 ths  |U FAD Fakulta architektúry a dizajnu  |T FAD Ústav urbanizmu a územného plánovania  |X 27652  |U A6160  |Y 397  |7 A000027652 
856 4 |u http://is.stuba.sk/zp/portal_zp.pl?podrobnosti=168320